| 000 | 00387nam a2200133 i 4500 | ||
|---|---|---|---|
| 001 | bg | ||
| 100 | 1 | _aTKACZECKI, Bogdan | |
| 245 | 0 |
_aElektrotechnika : _bwybór tekstów do nauki języka angielskiego dla studentów wydziału elektrycznego / _cBogdan Tkaczecki. |
|
| 260 |
_aOpole, _c1982. |
||
| 040 | _cBPK | ||
| 041 | _apol | ||
| 942 | _cKS | ||
| 008 | s pl f |000 0 pol | ||
| 999 |
_c21249 _d21249 |
||
| 856 |
_uhttp://koha.tu.koszalin.pl/cgi-bin/koha/opac-detail.pl?biblionumber=21249 _yKatalog online BPK |
||